Interessenkonflikte or Conflicts of interest (Record no. 116048)

MARC details
000 -LEADER
fixed length control field 02240cad a22002895a 4500
001 - CONTROL NUMBER
control field L159613
008 - FIXED-LENGTH DATA ELEMENTS--GENERAL INFORMATION
fixed length control field 170314s2017 xxk f 000 0 eng d
020 ## - INTERNATIONAL STANDARD BOOK NUMBER
International Standard Book Number 9781783212118
035 ## - SYSTEM CONTROL NUMBER
System control number (Sirsi) u159613
041 0# - LANGUAGE CODE
Language code of text/sound track or separate title ger
050 04 - LIBRARY OF CONGRESS CALL NUMBER
Classification number 333.0062 $1 8
110 2# - MAIN ENTRY--CORPORATE NAME
Corporate name or jurisdiction name as entry element Royal Institution of Chartered Surveyors
9 (RLIN) 4900
245 00 - TITLE STATEMENT
Title Interessenkonflikte or Conflicts of interest
Medium [electronic resource]
250 ## - EDITION STATEMENT
Edition statement (RICS Conflicts of interest - March 2017 - German translation)
260 ## - PUBLICATION, DISTRIBUTION, ETC.
Place of publication, distribution, etc. London
Name of publisher, distributor, etc. RICS
Date of publication, distribution, etc. 2017
490 #0 - SERIES STATEMENT
Series statement RICS Professional Statement
520 ## - SUMMARY, ETC.
Summary, etc. This professional statement, which supports the RICS Rules of Conduct, also places an overarching mandatory requirement on all RICS members and regulated firms and specifies RICS' expectations of how compliance with the Rules of Conduct should be achieved.This document is in three parts: 1.The RICS professional statement on Conflicts of Interest and Confidentiality sets out RICS? mandatory rules in this area. This section also contains the definitions used in the professional statement. 2.Commentary: "General commentary notes" set out principles as to how RICS expects regulated firms and members to apply the professional statement.3.Commentary: "Supplementary commentary notes" give guidance on how members and regulated firms can meet the obligations set out in Part 1. Parts 2 and 3 contain guidance, and should be read in conjunction with the mandatory requirements in Part 1.
520 ## - SUMMARY, ETC.
Summary, etc. Effective from 1 January 2018
520 ## - SUMMARY, ETC.
Summary, etc. First edition published March 2017, revised December 2017 (to add Supporting commentary notes 11 to 14 and signpost them from the PS). This <br/>professional statement was amended January 2022 to update references to the RICS Rules of Conduct
590 ## - LOCAL NOTE (RLIN)
Local note KA
650 24 - SUBJECT ADDED ENTRY--TOPICAL TERM
Topical term or geographic name entry element RICS RULES OF CONDUCT
651 #4 - SUBJECT ADDED ENTRY--GEOGRAPHIC NAME
Geographic name International
690 ## - LOCAL SUBJECT ADDED ENTRY--TOPICAL TERM (OCLC, RLIN)
Topical term or geographic name as entry element Dispute resolution
9 (RLIN) 6236
856 40 - ELECTRONIC LOCATION AND ACCESS
Uniform Resource Identifier <a href="https://www.rics.org/content/dam/ricsglobal/documents/standards/interessenkonflikte_german_translation.pdf">https://www.rics.org/content/dam/ricsglobal/documents/standards/interessenkonflikte_german_translation.pdf</a>
Public note German translation on RICS.org
856 40 - ELECTRONIC LOCATION AND ACCESS
Uniform Resource Identifier <a href="https://www.rics.org/profession-standards/rics-standards-and-guidance/conduct-competence/conflicts-of-interest">https://www.rics.org/profession-standards/rics-standards-and-guidance/conduct-competence/conflicts-of-interest</a>
Public note English and other language translations on RICS.org
942 ## - ADDED ENTRY ELEMENTS (KOHA)
Suppress in OPAC 0
Source of classification or shelving scheme Dewey Decimal Classification
Holdings
Withdrawn status Lost status Source of classification or shelving scheme Damaged status Not for loan Home library Current library Shelving location Date acquired Total Checkouts Full call number Barcode Date last seen Copy number Price effective from Koha item type
    Dewey Decimal Classification     Virtual Virtual Online 22/11/2017   ONLINE PUBLICATION 159613-2001 13/04/2023 1 06/08/2019 Online material